00389nam a2200145Ia 4500008004100000020001500041041001200056082001600068100001800084245007500102260002500177300000800202650001800210700001500228221030s9999 xx 000 0 und d a8120303970 aEnglish a105.23bMur aR. G. Murdick 0aInformation System for Modern Managementcby R. G. Murdick, J. E. Ross bPHIaNew Delhic1999 a466 aBE Management aJ. E. Ross